000
00294nam a2200121 a 4500
008
100923s1988|||| d
100
1
_a
Ferko, Milan
245
1
0
_a
Otváranie studničiek
020
_c
17
260
_b
Slovenský vydavateľ
_a
Bratislava
_c
1988
044
_a
xo
_c
SK
041
_a
slo
999
_c
10628
_d
10628